Small remedies (Record no. 4557)

MARC details
000 -LEADER
fixed length control field 00438cam a2200181ua 4500
001 - CONTROL NUMBER
control field 5380
005 - DATE AND TIME OF LATEST TRANSACTION
control field 20260515113855.0
008 - FIXED-LENGTH DATA ELEMENTS--GENERAL INFORMATION
fixed length control field 120901n ii |||gr||||Z||||||eng
020 ## - INTERNATIONAL STANDARD BOOK NUMBER
International Standard Book Number 014029487-2
040 ## - CATALOGING SOURCE
Transcribing agency MAIN
082 ## - DEWEY DECIMAL CLASSIFICATION NUMBER
Classification number 823.954
100 ## - MAIN ENTRY--PERSONAL NAME
Personal name Deshpande, Shashi,
Relator term Author,
245 10 - TITLE STATEMENT
Title Small remedies
Statement of responsibility, etc. by Shashi Deshpande
250 ## - EDITION STATEMENT
Edition statement 1st.
260 ## - PUBLICATION, DISTRIBUTION, ETC.
Place of publication, distribution, etc. New Delhi:
Name of publisher, distributor, etc. Penguin books,
Date of publication, distribution, etc. 2000.
300 ## - PHYSICAL DESCRIPTION
Extent 324p:
Dimensions 15cm.
942 ## - ADDED ENTRY ELEMENTS (KOHA)
Koha item type Books
Holdings
Withdrawn status Lost status Damaged status Not for loan Home library Current library Shelving location Date acquired Total checkouts Full call number Barcode Date last seen Copy number Price effective from Koha item type
        Naharkatiya College Library Naharkatiya College Library General stacks 09/19/2020   823.954 | DES 16875 09/19/2020 1 09/19/2020 Books